| 000 | 00763nam a22002297a 4500 | ||
|---|---|---|---|
| 008 | 130821s1929 fr gr dfre | ||
| 040 |
_aCo-BoUCM _bspa |
||
| 041 | 0 | 0 | _afre |
| 100 |
_aLagrange, Marie Joseph,1855-1938 _990282 |
||
| 245 | 0 | 3 |
_aL'Evangile de Jésus-Christ _cPar Marie Joseph Lagrange |
| 250 | _a6a.ed | ||
| 260 |
_aParís (Francia) _bLibrairie Lecoffre _c1929 |
||
| 300 | _a656 páginas | ||
| 490 | _aEtudes Bibliques | ||
| 500 | _aNotas a pie del texto. -- Incluye índice alfabético y general | ||
| 600 |
_aJesucristo _91986 |
||
| 600 |
_aJesucristo _vBiografías _91987 |
||
| 630 |
_aBiblia _pA.T. _94832 |
||
| 650 | 0 | 4 |
_aBiografías _97343 |
| 942 |
_cLIBRO _a19 _e6 _mL14 _n0 _2DEWEY _h922 |
||
| 999 |
_c86686 _d86686 |
||